Datum a čas kvízu
21
Celkem bodů
Celkový počet nahraných bodů na tomto kvízu bez doplňovacích otázek.
4.
Pořadí na kvízu
Konečné umístění týmu na tomto kvízu.
Zaznamenané odpovědi
| # | Otázka | Odpověď | Body | Výsledky |
|---|---|---|---|---|
| 1. | Ve středu padla společnost Boh... | Pavel Liška, Marek Daniel | 0.5 | |
| 2. | Norští archeologové našli v le... | lyže | 0 | |
| 3. | Nakladatelství DC Comics, kter... | Superman | 1 | |
| 4. | Francouzský deník Le Figaro zv... | mozzarella | 0 | |
| 5. | Jak se jmenuje desetiletý ryzá... | Talent | 1 | |
| 6. | Pokřín obecný je rostlina, kte... | mandragora | 1 | |
| 7. | Blahočet je jehličnatý strom j... | araukárie | 0 | |
| 7. | Túje, dřevina z rodu cypřišovi... | zerav | 0 | |
| 9. | Ledvinovník západní je tropick... | oříšky kešu | 1 | |
| 10. | Paznehtník je metr vysoká byli... | akant | 0 |